000 00919nam a2200229 a 4500
001 BS0001886
003 BR-BrBNA
005 20230929141117.0
008 230308b |||||||| |||| 00| 0 por d
040 _aBR-BrBNA
_bpor
_cBiblioteca Nacional de Agricultura
041 _apor
072 _aS86
090 _aS86
_bBS0001886
100 1 _aBandeira, Manuel
245 1 _aLiteratura comentada /
260 3 _aSão Paulo, SP:
_bAbril Educação,
300 _a112 p.
520 3 _aEmbora se incomodasse com a designação de modernista, manuel Bandeira é por muitos considerado o maior poeta do Modernismo. De formação simbolista e parnasiana, incorporou os padrões revolucionarios da estética modernista, sem relegar a um segundo plano as boas lições das suas origens. Por tudo isso, Bandeira é um dos maiores poetas brasileiros.
650 _aLITERATURA BRASILEIRA
650 _aPOESIA
942 _cBK
_2AGRIS
999 _c6946
_d6946